Psychology : (Record no. 10734)

MARC details
000 -LEADER
fixed length control field 00872nam a22002657i 4500
003 - CONTROL NUMBER IDENTIFIER
control field URS
005 - DATE AND TIME OF LATEST TRANSACTION
control field 20250424231304.0
008 - FIXED-LENGTH DATA ELEMENTS--GENERAL INFORMATION
fixed length control field 960202s1997 caua b 001 0 eng
020 ## - INTERNATIONAL STANDARD BOOK NUMBER
International Standard Book Number 0534346537
040 ## - CATALOGING SOURCE
Original cataloging agency URS
Description conventions rda
Transcribing agency URS
Modifying agency URS
Language of cataloging English
050 00 - LIBRARY OF CONGRESS CALL NUMBER
Classification number BF121
Item number .W38 1997
100 ## - MAIN ENTRY--PERSONAL NAME
Personal name Weiten, Wayne.
Dates associated with a name 1950-,
Relator term author.
245 10 - TITLE STATEMENT
Title Psychology :
Remainder of title themes & variations /
Statement of responsibility, etc Wayne Weiten.
250 ## - EDITION STATEMENT
Edition statement 3rd ed., briefer version.
264 #1 - PUBLICATION, DISTRIBUTION, ETC. (IMPRINT)
Place of publication, distribution, etc Pacific Grove, California, USA :
Name of publisher, distributor, etc Brooks/Cole,
Date of publication, distribution, etc ©1997.
264 #4 - PUBLICATION, DISTRIBUTION, ETC. (IMPRINT)
Date of publication, distribution, etc ©1997.
300 ## - PHYSICAL DESCRIPTION
Extent xxxii, 555 pages :
Other physical details illustrations (some colour) ;
Dimensions 29 cm.
336 ## - CONTENT TYPE
Content type term text
Content type code txt
Source rdacontent
337 ## - MEDIA TYPE
Media type term unmediated
Media type code n
Source rdamedia
338 ## - CARRIER TYPE
Carrier type term volume
Carrier type code nc
Source rdacarrier
500 ## - GENERAL NOTE
General note "A Clairemont book."
504 ## - BIBLIOGRAPHY, ETC. NOTE
Bibliography, etc Includes bibliographical references (pages 500-532) and indexes.
650 #0 - SUBJECT ADDED ENTRY--TOPICAL TERM
Topical term or geographic name as entry element Psychology.
942 ## - ADDED ENTRY ELEMENTS (KOHA)
Source of classification or shelving scheme Library of Congress Classification
Koha item type Foreign Books
Holdings
Withdrawn status Lost status Source of classification or shelving scheme Damaged status Not for loan Collection code Home library Current library Shelving location Date acquired Source of acquisition Total Checkouts Full call number Barcode Date last seen Koha item type Copy number Price effective from
    Library of Congress Classification     Non-fiction Morong College Library Morong College Library   01/13/2001     BF 121 .W38 1998 URSMOR-CL-18790 01/21/2001 Foreign Books 1 03/01/2019
    Library of Congress Classification     Non-fiction Taytay College Library Taytay College Library Foreign Section 05/07/2009 Donation   BF121 .W38 1997 URSTAY-1617 12/31/2001 Foreign Books    

University of Rizal System
Email us at univlibservices@urs.edu.ph

Visit our Website www.urs.edu.ph/library